A laicitás kilátásai Kelet-Közép-Európában
Elmentve itt :
| Szerző: | |
|---|---|
| Adatforrás: | Philobibl |
| Forrásdokumentuma: | Egyházfórum 19.2004:3-4. 13-16. p. |
| Dokumentumtípus: | Cikk |
| Nyelv: | magyar |
| Kulcsszavak: | vallásfilozófia lelkiismeret vallásszabadság lacitás |
| LEADER | 00419nab a2200145 c 4500 | ||
|---|---|---|---|
| 001 | bibPHI0044653 | ||
| 005 | 20200924125327.6 | ||
| 008 | 130906s2004 hu hun | ||
| 100 | 1 | |a Jakab Attila | |
| 245 | 1 | 2 | |a A laicitás kilátásai Kelet-Közép-Európában |c Jakab Attila |
| 695 | |a vallásfilozófia | ||
| 695 | |a lelkiismeret | ||
| 695 | |a vallásszabadság | ||
| 695 | |a lacitás | ||
| 773 | 0 | |t Egyházfórum |g 19.2004:3-4. 13-16. p. | |